| 000 | 01361nam0a2200361 i 4500 | ||
|---|---|---|---|
| 001 | RU\NLR\BIBL_A\010741416 | ||
| 005 | 20260406112002.0 | ||
| 010 |
_a9785407004950 _93000 |
||
| 021 |
_aRU _b2015-19704 _91177 |
||
| 035 | _a(NILC)RuMoRGB-007891942 | ||
| 035 | _a(NLR Aleph) 010741416 | ||
| 090 |
_a9905092 _c9905092 |
||
| 100 | _a20150429d2015 km y0rusy50 ca | ||
| 101 | 0 | _arus | |
| 102 | _aRU | ||
| 105 | _aa z 000yy | ||
| 200 | 1 |
_aАдаптация леворукого ребёнка _fО. И. Крупенчук |
|
| 210 |
_aСанкт-Петербург _cЛиттера _d2015 |
||
| 215 |
_a60, [4] с. _cцв. ил. _d26 |
||
| 320 | _aБиблиогр. в конце кн. | ||
| 333 | _a16+ | ||
| 606 | 1 |
_aЛеворукие дети _jПопулярные издания _xВоспитание в семье _92466314 _3RU\NLR\AUTH\661465133 |
|
| 606 | 1 |
_aЛеворукие дети _jПопулярные издания _xОбучение _92180120 _3RU\NLR\AUTH\661311074 |
|
| 686 | 1 | _aЧ491.7я9 | |
| 686 | 1 | _aЧ421.2,01я9 | |
| 686 | 1 | _aЧ411.38я9 | |
| 700 | 1 |
_8rus _7ca _aКрупенчук _bО. И. _f1961- _gОльга Игоревна _3RU\NLR\AUTH\77125769 _9108693 |
|
| 801 | 0 |
_aRU _bРГБ _c20150319 _gRCR |
|
| 801 | 1 |
_aRU _bРГБ _c20150319 _2rusmarc |
|
| 942 | _cBOOK | ||
| 980 | _aNBR | ||